MDQL
is popping MORE tags! Check the
thread
!
Quizzes
Events
Quiz Creation
Community
Videos
Private Events
Remove Ads
Sign In
Join for FREE
Feedback
Dark Mode
Quiz Categories
Sports
Geography
Music
Movies
Television
Just For Fun
Miscellaneous
History
Literature
Language
Science
Gaming
Entertainment
Religion
Holiday
For Kids
Quiz Lab
Recent
Popular Today
Quiz Kudos Today
Editor Picks
Curator Picks
Quizzes by...
Day
Popularity
Type
Ratings
Length
Year
Community
Subscriptions
Recent Discussions
Orange Saloon
Badges
Playlists
Quests
Create
Leaderboards
Showdown
Live 5
Trivia Bingo
Activity
Puzzle Library
Sporcle Events
Private Events
Virtual Trivia
Globe League
Become a Host
Pub Owners
SporcleCon
Opinionation
Our Games
Videos
Blog
Mobile Apps
Partnerships
Remove Ads and Go Orange
Feedback
Literature
Harry Potter
A Song of Ice and Fire
The Hunger Games
Literary Character
Shakespeare
Book
Author
Novel
Poem
Young Adult
Children's Books
Play
Lord of the Rings
Literature
Harry Potter
A Song of Ice and Fire
The Hunger Games
Literary Character
Shakespeare
Book
Author
Novel
Poem
Young Adult
Children's Books
Play
Lord of the Rings
Random Quiz
Search Sporcle
×
Quiz Lab
Quiz Lab
Literature
Author
Type in answers that appear in a list
Type in answers that appear in a list
Classic
Best Score? Go Orange.
Fantasy Authors by main characters Stats
Can you name the Fantasy Authors by main character(s)?
By
dyster
6m
25 Questions
110 Plays
110 Plays
110 Plays
Comments
Comments
Give Quiz Kudos
Give Quiz Kudos
-
- Ratings
hide this ad
Replay
Link that replays current quiz
Next Quiz
Link to next quiz in quiz playlist
You Got
0%
They Got
Avg Score
42%
Avg Friend Score
Upgrade to see
Score Distribution
Jump to the score distribution portion of the page
Score
0/25
Timer
06:00
0
Plays Today
Main Character(s)
Author
% Correct
Frodo Baggins
J.R.R. Tolkien
96.4%
Daenerys Targaryen
George R.R. Martin
88.2%
Lyra Belacqua, Pantalaimon
Philip Pullman
68.2%
Rand al'Thor
Robert Jordan
62.7%
Kvothe
Patrick Rothfuss
60%
FitzChivalry Farseer
Robin Hobb
60%
Roland Deschain
Stephen King
57.3%
Ged
Ursula K. Leguin
52.7%
Thomas Covenant
Stephen Donaldson
51.8%
King Arthur
T.H. White
51.8%
Pug
Raymond E. Feist
50%
Richard Cypher, Kahlan Amnell, Zeddicus Zu'l Zorander
Terry Goodkind
50%
Cadderly Bonaduce, Drizzt Do'Urden
R.A. Salvatore
44.5%
Main Character(s)
Author
% Correct
Elend Venture, Vin
Brandon Sanderson
43.6%
Sand dan Glokta, Jezal dan Luthar, Logen Ninefingers
Joe Abercrombie
41.8%
Shadowthrone, Tavore Paran
Steven Erikson
31.8%
Croaker, One-
Eye, Goblin
Glen Cook
24.5%
Druss the Legend, Skilgannon the Damned
David Gemmell
23.6%
Sonea, High Lord Akkarin
Trudi Canavan
17.3%
Raif Sevrance, Ash Marsh, Raina Blackhail
J.V. Jones
17.3%
Greymane, Iron Bars
Ian Cameron Esslemont
14.5%
Eli Monpress
Rachel Aaron
13.6%
Isabeau, Meghan, Iseult, Jorge
Kate Forsyth
10%
Cheerwell Maker
Adrian Tchaikovsky
10%
Gavril Nagarian
Sarah Ash
9.1%
Quiz Playlist
Details
Report
Send in Message
Add To Playlist
Classic:
Type in answers that appear in a list
Last Updated: Feb 16, 2017
Quiz Scoreboard
CHALLENGE
Sign Up to Join the Scoreboard
Show All
Scores
Hide
Comments
May contain spoilers
Recently Published
Colored Red Africa Blitz
by spor1
Geography
30s
Find the 'City' Movie
by crazypaving
Movies
60s
5x2 Blitz: Bands
by SL_Kpop136
Music
30s
More to Explore
Quiz From the Vault
Featured Blog Post
14 Easter Pick-up Lines to Find Eggs With
hide this ad
You Might Also Like...
Tags
Author Quiz
Novel Quiz
Fantasy
Fantasy Sci-fi
Fantasy Series
Today's Top Quizzes in Literature
Browse Literature
hide this ad
Today's Top Quizzes in Author
Browse Author
Top Contributed Quizzes in Literature
1
Sneaky Slytherin Logic Puzzle
2
Harry Potter Slytherin Logic Puzzle
3
Get The Picture: Black or White Literature
4
A Song of Ice and Fire Logic Puzzle
5
Logic Puzzle: Avoid Dumbledore's Army
6
Mini Trivia Sudoku: A Song of Ice and Fire
7
'Middle' Earth
8
Quick Pick: Easter in Book Titles
9
Books By Opening Lines IV
10
The Hunger Games Logic Puzzle: Find Katniss
Explore More
Trending Topics
Marvel
Kpop
Anime
Crossword
Disney
NBA
Harry Potter
Pokémon
NFL
Puzzle
Soccer
Song
WWE
The Office
Country
hide this ad
More By:
dyster
Quiz
Plays
Rating
Category
Featured
Created
Beatles Albums by Any Song
22,293
4.41
Music
May 24, 2014
Footballers Born in 1976
11,210
4.08
Sports
Aug 10, 2022
Best Metal Albums of the 80s
2,585
5.00
Music
Oct 30, 2015
Black Metal
2,339
4.63
Music
Apr 6, 2011
A decade of English football '90s
2,309
4.00
Sports
Mar 27, 2016
Go to Creator's Profile
Score Distribution
Quiz Creator Spotlight
dyster
Follow
Send a Message
Quizzes Created
-
Created Quiz Play Count
-
More By This Creator
Popular Quizzes Today
1
Colored Red Africa Blitz
2
Find the 'City' Movie
3
Find the US States - No Outlines Minefield
4
5x2 Blitz: Bands
5
The Countries of the World
6
Find the US States
7
US States
8
Find the Countries of Europe - No Outlines Minefield
More Literature Quizzes
Biggest Answer: Harry Potter Books
Quiz Lab
Trending Quizzes
Colored Red Europe Blitz I
Colored Red Europe Blitz II
Colored Red Africa Blitz II
Colored Red Europe Blitz III
Colored Red Africa Blitz III
Recently Updated
How Do You Spell That?
pecheneg
Godzilla Movies
pecheneg
Grab Bag: 4-10 Letters
pecheneg
2024 March Madness Bracket
pecheneg
Famous TV Couples
Peacemaker
Champions League XIs: Real Madrid
pecheneg
Largest US Cities 1790-2010
pecheneg
Rides in Walt Disney World
pecheneg
Most Oscar Losses (Acting)
pecheneg
Beyoncé Albums
pecheneg
Trending Topics
Crossword
Harry Potter
NBA
Kpop
Anime
Marvel
Disney
WWE
Puzzle
Country
Song
NFL
The Office
Pokémon
Soccer
Your Account Isn't Verified!
In order to create a playlist on Sporcle, you need to verify the email address you used during registration. Go to your
Sporcle Settings
to finish the process.
Report this User
Report this user for behavior that violates our
Community Guidelines
.
Details:
Send Report
Go to the Sporcle.com Mobile Site →
Comments